États des États-Unis en rébus - Statistiques

Statistiques générales
  • Ce quiz a été pris 87 603 fois
  • Le résultat moyen est 8 sur 10
Réponses sur la Carte
Les réponses sont colorées sur une échelle allant du rouge au vert en fonction du pourcentage des utilisateurs qui les ont devinées à leur premier essai. Vous pouvez retrouver ces pourcentages ci-dessous.
 
Statistiques - réponses
Rébus État % Correct
1 Arkansas
93%
3 Vermont
85%
6 Nebraska
83%
9 Colorado
82%
10 Illinois
81%
5 Minnesota
80%
2 Iowa
79%
4 Mississippi
78%
7 Tennessee
77%
8 Massachusetts
74%
Aucun quiz correspondant
Distribution des résultats
% des personnes avec chaque résultat
Percentile par nombre de réponses
Votre historique - résultats
Vous n’avez pas pris ce quiz